| 000 | 00620nam a2200229 a 4500 | ||
|---|---|---|---|
| 999 |
_c1384 _d1384 |
||
| 008 | 191230t2001 ii ad||g |||| 001 0 eng d | ||
| 020 |
_a9789380931944 _cRs .1350 |
||
| 040 |
_aKO _beng |
||
| 041 | 0 | _aeng | |
| 044 | _aii | ||
| 082 | 0 | 4 |
_223 _a623.81 _bR1997 |
| 100 | 1 | _aRawson, K. J. | |
| 245 | 1 | 0 |
_aBasic Ship Theory / _cK. J. Rawson and E. C. Tupper |
| 250 | _a4th ed. | ||
| 260 |
_aNew Delhi : _bElsevier , _c2011 . |
||
| 300 |
_axxviii, 727 p. : _bill. , charts ; _c23 cm. |
||
| 504 | _aIncludes Index | ||
| 650 | 0 |
_aNaval architecture _vTextbooks |
|
| 700 |
_aTupper, E. C. _eaut |
||
| 942 | _cBK | ||